000 00279nam a22001337a 4500
008 170204b xxu||||| |||| 00| 0 eng d
020 _a9780071484312
041 _aeng
080 _a61
100 _a3
101 _aSHM
245 _aNCLEX-RN REVIEW
_cHURST, M
942 _2udc
_cBK
999 _c4578
_d4578